[Event "IND-chB 49th"]
[Site "Aurangabad"]
[Date "2011.06.23"]
[Round "10"]
[White "Krishna, C Revanth Gopala"]
[Black "Shaikh, Nubairshah"]
[Result "1-0"]
[WhiteElo "2322"]
[BlackElo "2217"]
[PlyCount "193"]
[EventDate "2011.06.16"]
[EventType "swiss"]
[EventRounds "13"]
[EventCountry "IND"]
[SourceTitle "CBM 143 Extra"]
[Source "ChessBase"]
[SourceDate "2011.08.29"]
[SourceVersion "1"]
[SourceVersionDate "2011.08.29"]
[SourceQuality "1"]

1. Nf3 Nf6 2. g3 d5 3. Bg2 c6 4. 0-0 Bf5 5. d3 e6 6. Nbd2 h6 7. b3 Be7 8. Bb2 0-0 9. Re1 a5 10. a3 Na6 11. e4 Bh7 12. Qe2 Nc5 13. Rad1 Re8 14. Ne5 Qc7 15. f4 b5 16. Rf1 Rad8 17. Kh1 Bf8 18. g4 Nfd7 19. Qf2 dxe4 20. dxe4 Qb7 21. g5 Nxe5 22. Bxe5 hxg5 23. fxg5 Rd7 24. Rde1 Red8 25. Nb1 Na6 26. Qh4 Bd6 27. Bxd6 Rxd6 28. Re3 Rd1 29. Nc3 Rxf1+ 30. Bxf1 Bg6 31. Rh3 Kf8 32. Qh8+ Ke7 33. Qxg7 Kd7 34. Rd3+ Kc8 35. Qf6 Rxd3 36. Bxd3 b4 37. Na4 bxa3 38. Qh8+ Kc7 39. Qe5+ Kc8 40. Qxa5 a2 41. Nc3 Nb4 42. Nxa2 Nxd3 43. cxd3 Qxb3 44. Qd2 Qb5 45. Kg2 Qe5 46. h4 Kd7 47. Nc3 Qd4 48. Qc2 Qe3 49. Na4 Bh5 50. Qf2 Qc1 51. Nb6+ Kc7 52. Nc4 Qc3 53. Qa7+ Kd8 54. Qa5+ Qxa5 55. Nxa5 Kc7 56. Nc4 c5 57. Kg3 Kd7 58. Kf4 Be2 59. Ke3 Bh5 60. Nd2 e5 61. Nb3 Kd6 62. Kd2 f6 63. gxf6 Ke6 64. Nxc5+ Kxf6 65. Ke3 Bg4 66. Kf2 Bh5 67. Nd7+ Ke6 68. Nb6 Kf6 69. Nd5+ Kg7 70. Ne3 Kf6 71. Nf5 Bg4 72. Ke3 Kg6 73. Ng3 Kf6 74. Kd2 Bc8 75. Nf5 Bd7 76. Ke3 Be8 77. Ng3 Bf7 78. d4 exd4+ 79. Kxd4 Be6 80. Nh5+ Kf7 81. Ke5 Bg4 82. Ng3 Bh3 83. Kd6 Be6 84. e5 Bg4 85. h5 Bc8 86. Ne2 Ba6 87. Nf4 Bb5 88. e6+ Kf6 89. h6 Ba4 90. e7 Kf7 91. Kc7 Kg8 92. Nd5 Kf7 93. h7 Kg7 94. Nf6 Kh8 95. Nd7 Kxh7 96. e8Q Kg7 97. Qf8+ 1-0

[Event "Thailand op 11th"]
[Site "Pattaya"]
[Date "2011.04.13"]
[Round "4"]
[White "Romanov, Alexei"]
[Black "Shaikh, Nubairshah"]
[Result "1/2-1/2"]
[WhiteElo "2401"]
[BlackElo "2199"]
[PlyCount "80"]
[EventDate "2011.04.11"]
[EventType "swiss"]
[EventRounds "9"]
[EventCountry "THA"]
[SourceTitle "CBM 141 Extra"]
[Source "ChessBase"]
[SourceDate "2011.05.03"]
[SourceVersion "1"]
[SourceVersionDate "2011.05.03"]
[SourceQuality "1"]

1. d4 d5 2. c4 c6 3. Nf3 Nf6 4. Qc2 dxc4 5. Qxc4 Bf5 6. Nc3 e6 7. e3 Nbd7 8. Nh4 Bg4 9. h3 Bh5 10. Qb3 Nd5 11. Nxd5 exd5 12. Nf5 Bg6 13. Bd3 Nb6 14. Bd2 Qf6 15. g4 h5 16. 0-0-0 0-0-0 17. Ba5 Kc7 18. f4 Re8 19. Rde1 hxg4 20. hxg4 Rxh1 21. Rxh1 Bxf5 22. Bxf5 Bd6 23. Rh7 g6 24. Bc2 Rxe3 25. Bd3 Bxf4 26. Kc2 Bg5 27. Bd2 Qf2 28. Qb4 Be7 29. Qa5 Re6 30. Kc3 c5 31. dxc5 Bxc5 32. Kb3 Rc6 33. Bc3 Qf4 34. a3 Kb8 35. Rh8+ Nc8 36. Qd8 Qd6 37. Qxd6+ Bxd6 38. Bd4 a6 39. Be2 Bc5 40. Be5+ Bd6 1/2-1/2

[Event "Thailand op 11th"]
[Site "Pattaya"]
[Date "2011.04.12"]
[Round "3"]
[White "Shaikh, Nubairshah"]
[Black "Wee, Chun Jie Eugene"]
[Result "1-0"]
[WhiteElo "2199"]
[BlackElo "2015"]
[PlyCount "111"]
[EventDate "2011.04.11"]
[EventType "swiss"]
[EventRounds "9"]
[EventCountry "THA"]
[SourceTitle "CBM 141 Extra"]
[Source "ChessBase"]
[SourceDate "2011.05.03"]
[SourceVersion "1"]
[SourceVersionDate "2011.05.03"]
[SourceQuality "1"]

1. c4 c5 2. Nc3 b6 3. Nf3 Bb7 4. g3 e6 5. Bg2 Nf6 6. 0-0 Be7 7. b3 0-0 8. Bb2 d6 9. d4 cxd4 10. Qxd4 a6 11. Rfd1 Nbd7 12. Ng5 Bxg2 13. Kxg2 Qc7 14. Kg1 Rfd8 15. Rac1 h6 16. Nge4 Nc5 17. b4 Ncxe4 18. Nxe4 Qb7 19. Nc3 Rac8 20. b5 axb5 21. cxb5 Ne8 22. Na4 Ra8 23. Rd2 Bf6 24. Qxb6 Qe4 25. Bxf6 Nxf6 26. Nc3 Qb4 27. Qd4 Qa3 28. Rb1 d5 29. b6 Ne8 30. Rb3 Qa5 31. Qb4 Qa6 32. b7 Rab8 33. Na4 Nd6 34. Nc5 Qc6 35. Qb6 Qe8 36. Rd1 Qe7 37. a4 Nxb7 38. Nxb7 Rd7 39. Rdb1 Rbxb7 40. Qxb7 Rxb7 41. Rxb7 Qa3 42. Ra7 Qa2 43. Rb8+ Kh7 44. e3 Kg6 45. Rbb7 f6 46. Kg2 Qe2 47. h3 e5 48. g4 f5 49. Rxg7+ Kf6 50. Rgf7+ Kg6 51. Rxf5 e4 52. Rd7 h5 53. Rd6+ Kg7 54. gxh5 Qa2 55. h6+ Kg8 56. Rd7 1-0

[Event "Chennai op 3rd"]
[Site "Chennai"]
[Date "2011.01.20"]
[Round "4"]
[White "Neelotpal, Das"]
[Black "Shaikh, Nubairshah"]
[Result "1/2-1/2"]
[WhiteElo "2477"]
[BlackElo "2113"]
[PlyCount "78"]
[EventDate "2011.01.18"]
[EventType "swiss"]
[EventRounds "11"]
[EventCountry "IND"]
[SourceTitle "CBM 140 Extra"]
[Source "ChessBase"]
[SourceDate "2011.03.01"]
[SourceVersion "1"]
[SourceVersionDate "2011.03.01"]
[SourceQuality "1"]

1. d4 d5 2. Nf3 Nf6 3. c4 c6 4. Nc3 dxc4 5. a4 Bf5 6. e3 e6 7. Bxc4 Bb4 8. 0-0 0-0 9. Nh4 Bg4 10. f3 Bh5 11. g4 Nd5 12. Ng2 Bg6 13. Bd2 Be7 14. Kh1 Nd7 15. e4 Nxc3 16. Bxc3 Nb6 17. Bb3 c5 18. dxc5 Bxc5 19. Qe2 Qe7 20. f4 f6 21. f5 Bf7 22. Nf4 exf5 23. Bxf7+ Rxf7 24. gxf5 Bd6 25. Ne6 Nd7 26. Rad1 Nf8 27. Qc4 Re8 28. Qd5 Bb4 29. Bxb4 Qxb4 30. Rd4 Qxb2 31. Nd8 Rxd8 32. Qxd8 Qe2 33. Kg1 Qg4+ 34. Kh1 Rd7 35. Rxd7 Qxe4+ 36. Kg1 Qg4+ 37. Kh1 Qe4+ 38. Kg1 Qg4+ 39. Kh1 Qe4+ 1/2-1/2

[Event "WchT Schools 4th"]
[Site "Singapore"]
[Date "2008.07.27"]
[Round "6.2"]
[White "Shaikh, Nubairshah"]
[Black "Dastan, Batuhan Muhammed"]
[Result "1/2-1/2"]
[WhiteElo "1858"]
[BlackElo "1846"]
[PlyCount "110"]
[EventDate "2008.07.23"]
[EventType "team-swiss"]
[EventRounds "9"]
[EventCountry "SIN"]
[SourceTitle "EXT 2009"]
[Source "ChessBase"]
[SourceDate "2008.11.26"]
[SourceVersion "1"]
[SourceVersionDate "2008.11.26"]
[SourceQuality "1"]

1. c4 e5 2. Nc3 Nf6 3. Nf3 Nc6 4. g3 d5 5. cxd5 Nxd5 6. Bg2 Nb6 7. 0-0 Be7 8. a3 0-0 9. b4 a6 10. d3 Re8 11. Bb2 Be6 12. Rc1 Rb8 13. Ne4 f6 14. Nc5 Bxc5 15. Rxc5 Ne7 16. Nd2 Qd7 17. Rc1 Bh3 18. Bxh3 Qxh3 19. Rxc7 Nbd5 20. Rc1 Rbc8 21. e4 Rxc1 22. Bxc1 Nb6 23. Nc4 Nxc4 24. dxc4 Nc6 25. Be3 Rd8 26. Qe2 Qd7 27. Bb6 Nd4 28. Bxd4 Qxd4 29. Re1 Qc3 30. c5 Qxa3 31. Qc4+ Kh8 32. Re3 Qa1+ 33. Kg2 Qd4 34. Qb3 h6 35. Qa3 Rd7 36. c6 bxc6 37. Qxa6 Rd8 38. Qxc6 Qxb4 39. h4 Qd6 40. Qb7 Qd7 41. Qa6 Qd6 42. Qc4 Qd4 43. Qf7 Qd7 44. Qg6 Kg8 45. g4 Qf7 46. Qf5 Qd7 47. Qf3 Qf7 48. Qg3 Qg6 49. Kh3 Rd4 50. h5 Qf7 51. Qf3 Rd8 52. Rd3 Rxd3 53. Qxd3 Qe7 54. Kg3 Kh7 55. Qe3 Qd6 1/2-1/2

[Event "Mumbai Mayors Cup 1st"]
[Site "Mumbai"]
[Date "2008.05.13"]
[Round "4"]
[White "Vaidya, Chaitanya N"]
[Black "Shaikh, Nubairshah"]
[Result "1-0"]
[WhiteElo "2129"]
[BlackElo "1858"]
[PlyCount "83"]
[EventDate "2008.05.11"]
[EventType "swiss"]
[EventRounds "11"]
[EventCountry "IND"]
[SourceTitle "CBM 124 Extra"]
[Source "ChessBase"]
[SourceDate "2008.07.03"]
[SourceVersion "1"]
[SourceVersionDate "2008.07.03"]
[SourceQuality "1"]

1. d4 d6 2. e4 g6 3. h4 Bg7 4. h5 Nf6 5. h6 Bf8 6. Nc3 Nbd7 7. Nf3 e5 8. dxe5 dxe5 9. Bc4 Bd6 10. Nb5 Be7 11. Bxf7+ Kf8 12. Ng5 Nc5 13. Be3 Ncxe4 14. Nxe4 Kxf7 15. Ng5+ Ke8 16. Qe2 c6 17. Nc3 Bf5 18. Rd1 Nd5 19. Nxd5 cxd5 20. Qb5+ Qd7 21. Rxd5 Qxb5 22. Rxb5 Bxg5 23. Bxg5 Bxc2 24. Rxb7 e4 25. Re7+ Kf8 26. Rh4 e3 27. Rf4+ Bf5 28. g4 Re8 29. Rxe8+ Kxe8 30. gxf5 exf2+ 31. Kxf2 gxf5 32. Rxf5 a6 33. Ke3 Kd7 34. Ke4 Ke6 35. Rf6+ Kd7 36. Kd5 Rb8 37. a4 Rxb2 38. Rf7+ Ke8 39. Rxh7 Kf8 40. Ra7 Rh2 41. Ke6 Re2+ 42. Kf6 1-0